000 00232nam a22000857a 4500
999 _c11267
_d11267
008 190110b ||||| |||| 00| 0 eng d
100 _aWanchoo
_97014
245 _aProvlem Solving Assessment-XI
260 _aNew Delhi
_bGoyal Brothers
_c2012